000 00711nam a22002177a 4500
003 UA-OsUOA
001 119314
007 ta
008 20161019b un ||||| |||| 00| 0 ukr d
100 _aВертій О.
090 _a82
_bВ35
942 _cSA
040 _aUA-OsUOA
_bukr
_cUA-OsUOA
_dUA-OsUOA
245 _aІван Франко: діалектика присутності в національній свідомості українців
300 _aС.24-31
955 _a0
041 _aukr
080 _a82
773 0 _w119309
_tУкраїнська мова і література в школі
_dК.
_d2016
_g4
650 7 _a82 Література. Літературознавство
_2UDC
999 _c405404
_d405404